000 00820nac a22002777a 4500
001 BR8801009
003 BR-BrBNA
005 20240105120721.0
008 230509b bl.|||m| |||| 00| 0 por d
040 _aBR-BrBNA
_bpor
_cBiblioteca Nacional de Agricultura
072 _aL73
090 _a5212 BR8801009
100 1 _aOliveira, A.A. de
100 1 _aPedreira, P.A.S.
110 1 _aCentro Nacional de Pesquisa de Coco, Aracaju, SE (Brasil)
_91760
245 1 _aBrucelose
246 1 _a[Brucellosis]
260 3 _aAracaju, SE (Brasil):
_c1986.
300 _a12 p.
490 _aDocumentos - Centro Nacional de Pesquisa de Coco (Brazil)
_vno. 5
_xISSN 0102-3101
500 _a17 ref.
650 _aBOVINO
650 _aBRUCELOSE
909 _a202312
_bLúcia Elande
_c55
_dLúcia Elande
942 _2AGRIS
_n0
_cMS
999 _c281055
_d281055